| 000 | 03836cam a2200421 i 4500 | ||
|---|---|---|---|
| 001 | 21449930 | ||
| 003 | CSPC | ||
| 005 | 20260218131437.0 | ||
| 008 | 200227s2022 nyua 001 0 eng | ||
| 010 | _a 2020008511 | ||
| 020 | _a9781265348441 | ||
| 035 | _a21449930 | ||
| 040 |
_aDLC _beng _erda _cDLC _dDLC _dCSPC |
||
| 042 | _apcc | ||
| 050 | 0 | 0 |
_aQP34.5 _b.S418 2022 |
| 082 | 0 | 0 |
_a612 _bV349s _223 |
| 100 | 1 |
_aVanPutte, Cinnamon L., _eauthor. |
|
| 245 | 1 | 0 |
_aSeeley's essentials of anatomy & physiology / _cCinnamon VanPutte, Jennifer Regan, and Andrew Russo. |
| 246 | 3 | _aEssentials of anatomy and physiology | |
| 250 | _aEleventh edition. | ||
| 264 | 1 |
_aNew York, NY : _bMcGraw-Hill, _c2022. |
|
| 300 |
_axxiii, 640 [A-33, G-24, I-30] pages : _billustrations ; _c28 cm. |
||
| 336 |
_atext _btxt _2rdacontent |
||
| 337 |
_aunmediated _bn _2rdamedia |
||
| 338 |
_avolume _bnc _2rdacarrier |
||
| 500 | _aIncludes index. | ||
| 505 | 0 | _aHow to be successful in A&P -- The human organism -- The chemical basis of life -- Cell structures and their functions -- Tissues -- Integumentary system -- Skeletal system: bones and joints -- Muscular system -- Nervous system -- Senses -- Endocrine system -- Blood -- Heart -- Blood vessels and circulation -- The lymphatic system and immunity -- Respiratory system -- Digestive system -- Nutrition, metabolism, and body temperature regulation -- Urinary system and fluid balance -- Reproductive system -- Development, heredity, and aging. | |
| 520 |
_a"Seeley's Essentials of Anatomy & Physiology is designed to help students develop a solid, basic understanding of essential concepts in anatomy and physiology without an encyclopedic presentation of detail. Our goal as authors is to offer a textbook that provides enough information to allow students to understand basic concepts, and from that knowledge, make reasonable predictions and analyses. We have taken great care to select critically important information and present it in a way that maximizes understanding. EMPHASIS ON CRITICAL THINKING Critical thinking skills help students build a knowledge base for solving problems. An emphasis on critical thinking is integrated throughout this textbook. This approach is found in questions at the beginning of each chapter, and embedded within the narrative; in clinical material that is designed to bridge concepts explained in the text with real-life applications and scenarios; in Process Figure questions that apply physiological processes to practical situations, to promote applied understanding; in end-of-chapter questions that go beyond rote memorization; and in a visual program that presents material in understandable, relevant images. Pedagogy builds student comprehension from knowledge to application (Apply It questions, Critical Thinking questions, and Learn to Apply It Answers) Apply It Questions challenge students to use their understanding of new concepts to solve a problem. Answers to the questions are provided at the end of the book, allowing students to evaluate their responses and to understand the logic used to arrive at the correct answer"-- _cProvided by publisher. |
||
| 650 | 0 | _aHuman physiology. | |
| 650 | 0 | _aHuman anatomy. | |
| 700 | 1 |
_aRegan, Jennifer L., _eauthor. |
|
| 700 | 1 |
_aRusso, Andrew F., _eauthor. |
|
| 776 | 0 | 8 |
_iOnline version: _aVanPutte, Cinnamon, _tSeeley's essentials of anatomy & physiology _bEdition. _dDubuque : McGraw-Hill Education, 2021. _z9781264131297 _w(DLC) 2020008512 |
| 906 |
_a7 _bcbc _corignew _d1 _eecip _f20 _gy-gencatlg |
||
| 942 |
_2ddc _cBK _e23 _h612 _iV349s _kCIR _m2022 _n0 |
||
| 999 |
_c31821 _d31821 |
||